The antiquities of London and Westminster (Record no. 113447)
[ view plain ]
| 000 -LEADER | |
|---|---|
| fixed length control field | 01223cam a22001935a 4500 |
| 001 - CONTROL NUMBER | |
| control field | L155278 |
| 008 - FIXED-LENGTH DATA ELEMENTS--GENERAL INFORMATION | |
| fixed length control field | 120314s1734 xxk f 000 0 eng d |
| 035 ## - SYSTEM CONTROL NUMBER | |
| System control number | (Sirsi) u155278 |
| 041 0# - LANGUAGE CODE | |
| Language code of text/sound track or separate title | eng |
| 100 1# - MAIN ENTRY--PERSONAL NAME | |
| Personal name | Bailey, N. |
| Fuller form of name | (Nathan) |
| Dates associated with a name | d. 1742 |
| 245 04 - TITLE STATEMENT | |
| Title | The antiquities of London and Westminster |
| Remainder of title | Being an account of whatsoever is ancient, curious, or remarkable, as to palaces, towers, castles, Walls, Gates, Bridges, Monasteries, Priories, Sanctuaries, Nunneries, Religious Houses, Cathedrals, Churches, Chapels, Colleges, Inns of Court, Hospitals, Schools, and other Magnificent Buildings, as Exchanges, Halls, Crosses, Markets, Gaols, and all Publick Edifices. Also Rivers, Brooks, Bourns, Springs, &c. And many other curious Matters in Antiquity, whereby will plainly appear the Difference between the Ancient and Present State of these two Famous Cities. By N. Bailey, Author of the Universal, Etymological, English Dictionary |
| 250 ## - EDITION STATEMENT | |
| Edition statement | The third edition |
| 260 ## - PUBLICATION, DISTRIBUTION, ETC. | |
| Place of publication, distribution, etc. | London |
| Name of publisher, distributor, etc. | printed for A. Bettesworth and C. Hitch |
| Date of publication, distribution, etc. | 1734 |
| 300 ## - PHYSICAL DESCRIPTION | |
| Extent | [6], 244 p., plate |
| Dimensions | 12o |
| 583 ## - ACTION NOTE | |
| Action | Condition reviewed |
| Time/date of action | 20120620 |
| Status | condition level 1 |
| 651 #4 - SUBJECT ADDED ENTRY--GEOGRAPHIC NAME | |
| Geographic name | Great Britain |
| Chronological subdivision | 1707- |
| 690 ## - LOCAL SUBJECT ADDED ENTRY--TOPICAL TERM (OCLC, RLIN) | |
| Topical term or geographic name as entry element | Infrastructure |
| 9 (RLIN) | 6246 |
| 942 ## - ADDED ENTRY ELEMENTS (KOHA) | |
| Suppress in OPAC | 0 |
| Withdrawn status | Lost status | Source of classification or shelving scheme | Damaged status | Not for loan | Home library | Current library | Shelving location | Date acquired | Total Checkouts | Full call number | Barcode | Date last seen | Copy number | Price effective from | Koha item type |
|---|---|---|---|---|---|---|---|---|---|---|---|---|---|---|---|
| Dewey Decimal Classification | Historic collection | Historic collection | Historic collection | 14/03/2012 | OCTAVO 1734 BAILEY | 30075852 | 06/08/2019 | 1 | 06/08/2019 | Book |